书目信息 |
| 题名: |
参考咨询工作
|
|
| 作者: | 马远良 主编 | |
| 分册: | ||
| 出版信息: | 北京 北京图书馆出版社 2000 |
|
| 页数: | 158页 | |
| 开本: | 20cm | |
| 丛书名: | ||
| 单 册: | ||
| 中图分类: | G252.6 | |
| 科图分类: | ||
| 主题词: | 图书馆工作--参考咨询--职业教育 | |
| 电子资源: | ||
| ISBN: | 7-5013-1724-0 | |
| 000 | 00778nam0 2200241 45 | |
| 001 | 012001032824 | |
| 005 | 20051027113053.51 | |
| 010 | @a7-5013-1724-0@dCNY8.00 | |
| 092 | @aCN | |
| 100 | @a20010609d2000 em y0chiy0110 ea | |
| 101 | 0 | @achi |
| 102 | @aCN@b110000 | |
| 105 | @ay z 000yy | |
| 200 | 1 | @a参考咨询工作@Acan kao zi xun gong zuo@f马远良主编@FMa Yuan Liang Zhu Bian |
| 210 | @a北京@c北京图书馆出版社@d2000 | |
| 215 | @a158页@d20cm | |
| 300 | @a图书馆岗位培训教材 | |
| 330 | @a本书内容包括:参考咨询概论;参考咨询员及其培训;参考咨询业务建设;参考咨询工作;参考咨询工作的业务管理;参考咨询的发展趋势。 | |
| 606 | 0 | @a图书馆工作@x参考咨询@x职业教育 |
| 690 | @aG252.6@v4 | |
| 701 | 0 | @a马远良@4主编 |
| 801 | 0 | @aCN@bNLC@c20051027 |
| 905 | @a10447@dG252.6@e29 | |
| 参考咨询工作/马远良主编.-北京:北京图书馆出版社,2000 |
| 158页;20cm |
| 图书馆岗位培训教材 |
| ISBN 7-5013-1724-0:CNY8.00 |
| 本书内容包括:参考咨询概论;参考咨询员及其培训;参考咨询业务建设;参考咨询工作;参考咨询工作的业务管理;参考咨询的发展趋势。 |
| ● |
| 相关链接 |
|
|
|
|
正题名:参考咨询工作
索取号:G252.6/29
 
预约/预借
| 序号 | 登录号 | 条形码 | 馆藏地/架位号 | 状态 | 备注 |
| 1 | 0336998 | 203369988 | 密集书库/ [索取号:G252.6/29] | 在馆 | |
| 2 | 0336999 | 203369997 | 密集书库/ [索取号:G252.6/29] | 在馆 | |
| 3 | 0337000 | 203370002 | 密集书库/ [索取号:G252.6/29] | 在馆 | |
| 4 | 0355664 | 3556645 | 第一样本阅览室/ [索取号:G252.6/29] | 在馆 | |
| 5 | 0355665 | 3556654 | 第四借阅区/ [索取号:G252.6/29] | 在馆 | |
| 6 | 0355666 | 3556663 | 第四借阅区/ [索取号:G252.6/29] | 在馆 | |
| 7 | 0355667 | 3556672 | 第四借阅区/ [索取号:G252.6/29] | 在馆 |